Lettere teologiche dirette ad un vescovo in risposta alle observazioni teologico-critiche dell' archiprete donnino Giuseppe Copellotti Dottore Collegiato in Sacra Theologia sopra alcune tesi piacentine esposte al pubblico l'anno 1762 del P. lettore N.N.

Detalles Bibliográficos
Formato: Libro
Lenguaje:Undetermined
Italian
Publicado: in Venezia : appreso Giuseppe Bettinelli, 1764.
Materias:
Colección:Banco de datos
Acervo:Biblioteca Palafoxiana. Colección bibliográfica
Descripción Física:t. ; f°
Tema general:Teología dogmática
Notas:Número de localización: t.1 (8756)
LEADER 00700nam a2200157Ia 4500
008 150723s9999 xx 000 0 und d
041 0 |a ita 
050 0 |a PAFX BT20 L4 
245 1 0 |a Lettere teologiche dirette ad un vescovo in risposta alle observazioni teologico-critiche dell' archiprete donnino Giuseppe Copellotti Dottore Collegiato in Sacra Theologia sopra alcune tesi piacentine esposte al pubblico l'anno 1762 del P. lettore N.N. 
260 |a in Venezia : appreso Giuseppe Bettinelli, 1764. 
300 |a t. ; f° 
500 |a Número de localización: t.1 (8756) 
650 1 0 |a Teología dogmática 
942 |c PALALIB 
943 |g Biblioteca Palafoxiana. Colección bibliográfica 
999 |c 1058548  |d 1058548